[Event "Linares-03"]
[Site "Linares"]
[Date "1981.01.18"]
[Round "2"]
[White "Portisch, Lajos"]
[Black "Karpov, Anatoly"]
[Result "0-1"]
[WhiteElo "2650"]
[BlackElo "2690"]
[Annotator "Kharitonov,A"]
[PlyCount "74"]
[EventDate "1981.01.17"]
[EventType "tourn"]
[EventRounds "11"]
[EventCountry "ESP"]
[EventCategory "13"]
[SourceTitle "MCL"]
[Source "ChessBase"]
[SourceDate "1999.07.01"]
[SourceVersion "1"]
[SourceVersionDate "1999.07.01"]
[SourceQuality "1"]

1. c4 e5 2. Nc3 Nf6 3. g3 d5 4. cxd5 Nxd5 5. Bg2 Nb6 6. Nf3 Nc6 7. d3 Be7 8. a3
Be6 9. b4 a6 (9... a5 10. b5 Nd4 11. Rb1 a4 $13) 10. Bb2 (10. O-O $5 O-O 11.
Ne4 f6 12. Qc2 Qe8 13. Rb1 Rd8 14. Nc5 Bc8 15. Bd2 Bxc5 16. Qxc5 e4 17. dxe4
Qxe4 18. Be3 $14 {Portish,L-Groszpeter,A/Budapest/1981/1:0 (71)/}) 10... Qd7
11. Ne4 f6 12. Qc2 (12. O-O Bh3 13. Rc1 Bxg2 14. Kxg2 O-O 15. Nc5 Bxc5 16. Rxc5
Ne7 $10) 12... Bh3 13. O-O Bxg2 14. Kxg2 g5 $5 {/\g4,f5|^/} (14... O-O 15. Rfd1
) 15. d4 $2 (15. Nc5 $5 Bxc5 16. bxc5 (16. Qxc5 $5 $13)) 15... g4 16. Nh4 exd4
17. Nf5 O-O-O 18. Rfd1 Nc4 $1 $17 19. Nxe7+ (19. Nxd4 $2 Nxb2 20. Qxb2 Nxd4 21.
e3 Qc6 22. Rxd4 Rxd4 23. Qxd4 Rd8 $19) (19. Bxd4 Qxf5 $19) 19... Qxe7 20. Nc5 (
20. Qxc4 Qxe4+ $17) 20... Nxb2 21. Qxb2 h5 22. Rac1 Rd5 $1 23. Qc2 (23. b5 Rxc5
24. bxc6 Rxc6 25. Rxc6 Qe4+ 26. Kg1 Qxc6 27. Qxd4 Re8 $17) (23. Nxa6 h4 $1 24.
b5 (24. gxh4 Rxh4 25. b5 Qe4+ 26. Kg1 Rxh2 $19) (24. Nc5 Rdh5 25. Rh1 Qh7 $19)
24... hxg3 $1 (24... h3+ 25. Kg1 Qe4 26. f3 gxf3 27. bxc6 f2+ (27... Qe3+ 28.
Kh1 $18) 28. Kxf2 $18) 25. hxg3 (25. fxg3 Qe4+ 26. Kg1 Qe3+ 27. Kg2 Rxh2+ 28.
Kxh2 Qf2+ $19) (25. bxc6 Rxh2+ 26. Kg1 Rh1+ 27. Kg2 Qe4+ 28. f3 gxf3+ 29. exf3
Rh2+ $19) 25... Rdh5 26. Rh1 Qh7 $19) 23... Qd6 24. Nd3 (24. Nxa6 h4 25. Nc5
Rdh5 26. Rh1 f5 $1 $17) 24... h4 25. Nf4 f5 (25... Rg5 26. e3 $44) 26. Nxd5 (
26. Qc4 Re5 27. e3 Qh6 $19) 26... Qxd5+ 27. f3 (27. Kg1 hxg3 28. fxg3 f4 29.
gxf4 (29. Rd3 Qh5 $19) 29... g3 $19) 27... Kb8 28. Qd3 (28. e4 gxf3+ 29. Kxf3
fxe4+ $19) (28. Qc5 Qe6 29. Re1 hxg3 30. hxg3 f4 31. gxf4 gxf3+ 32. exf3 Qh3+
33. Kf2 Qh2+ $19) 28... Qe6 29. fxg4 (29. Rf1 $142 hxg3 30. hxg3 Rd8 $17) 29...
fxg4 30. Rf1 hxg3 31. hxg3 (31. Qxg3 Qxe2+ 32. Rf2 Qe4+ 33. Kg1 Ne5 $19) 31...
Qd5+ $1 32. e4 Qe6 33. Rce1 (33. Rf5 Qh6 $19) 33... Qd6 $19 34. Rh1 Rd8 35. Qc4
d3 36. Qc5 (36. Rd1 Ne5) 36... d2 $1 37. Rd1 (37. Qxd6 dxe1=N+) 37... Qd3 (
37... Qd3 38. Qf2 Ne5) 0-1

[Event "POL-ch 53rd"]
[Site "Brzeg Dolny"]
[Date "1996.??.??"]
[Round "10"]
[White "Oliwa, Marek"]
[Black "Bobras, Piotr"]
[Result "0-1"]
[WhiteElo "2440"]
[BlackElo "2355"]
[Annotator "King,D"]
[PlyCount "80"]
[EventDate "1996.03.09"]
[EventType "tourn"]
[EventRounds "15"]
[EventCountry "POL"]
[EventCategory "9"]
[SourceTitle "CBM 053"]
[Source "ChessBase"]
[SourceDate "1996.08.01"]
[SourceVersion "1"]
[SourceVersionDate "1996.08.01"]
[SourceQuality "1"]

1. c4 Nf6 2. Nc3 e5 3. Nf3 Nc6 4. g3 Bc5 5. Bg2 d6 6. O-O O-O 7. d3 a6 8. a3
Nd4 9. b4 Nxf3+ 10. Bxf3 Ba7 11. Bg2 c6 12. Rb1 Be6 13. a4 Qd7 14. Bb2 Bh3 15.
Ne4 Nxe4 16. dxe4 Be6 17. Qd3 b5 18. cxb5 axb5 19. axb5 cxb5 20. Rfd1 Rfd8 21.
e3 Bc4 22. Qd2 f6 23. Bf1 Bb3 24. Rdc1 d5 25. exd5 Bxd5 26. Ra1 Qf5 27. Bd3 Qf3
28. e4 Bb7 29. Rxa7 Rxd3 30. Rxa8+ Bxa8 31. Qc2 Bxe4 {White can't prevent mate
so goes on the counter-attack, but Black has correctly calculated that the
king may escape up the board.} 32. Qc8+ Kf7 33. Rc7+ Kg6 34. Qe8+ Kh6 35. Bc1+
g5 36. Qf8+ Kh5 37. Qe8+ Kg4 38. Qe6+ Bf5 39. h3+ Kxh3 40. Rxh7+ Kg4 {and ...
Rd1+.} 0-1

[Event "Linz"]
[Site "Linz"]
[Date "1997.05.17"]
[Round "1"]
[White "Kortschnoj, Viktor Lvovich"]
[Black "Bacrot, Etienne"]
[Result "1-0"]
[WhiteElo "2635"]
[BlackElo "2500"]
[Annotator "Kortschnoj,V"]
[PlyCount "103"]
[EventDate "1997.05.17"]
[EventType "tourn"]
[EventRounds "9"]
[EventCountry "AUT"]
[EventCategory "12"]
[SourceTitle "CBM 059"]
[Source "ChessBase"]
[SourceDate "1997.08.01"]
[SourceVersion "1"]
[SourceVersionDate "1997.08.01"]
[SourceQuality "1"]

1. c4 e5 2. Nc3 Nf6 3. Nf3 Nc6 4. g3 g6 5. d4 exd4 6. Nxd4 Bg7 7. Bg2 O-O 8.
O-O Re8 9. Nc2 (9. Nxc6 dxc6 $11) (9. e3 $5 Nxd4 10. exd4 d6 11. Bf4 $14) 9...
d6 10. e4 (10. b3 Bf5 $11) 10... Nd7 $5 (10... Be6 $14) 11. Qd2 (11. Ne3 $6
Bxc3 $5 (11... Nc5 12. Ned5 f5 $15) 12. bxc3 Nc5 $13) (11. Be3 Bxc3 (11... Nce5
12. Qe2 Nb6 $132) 12. bxc3 Nc5 $13) 11... a6 (11... Nc5 12. b4 Bxc3 13. Qxc3
Nxe4 14. Bxe4 Rxe4 15. Bb2 $44) 12. b3 Rb8 (12... b5 13. e5 Bb7 (13... Ndxe5 $2
14. f4 Bh6 15. Ne3 $18) 14. cxb5 axb5 15. exd6 cxd6 16. Bb2 $14) 13. Bb2 b5 14.
Ne3 bxc4 $2 (14... b4 15. Na4 Nc5 16. Bxg7 Kxg7 (16... Nxa4 17. Bh6 Nc3 18. Nd5
$16) 17. Qb2+ f6 18. Nxc5 dxc5 19. Rad1 Qe7 20. Nd5 Qf7 21. f4 Nd4 22. e5 f5
23. Rxd4 $14) (14... Nc5 $1 15. cxb5 axb5 16. Ncd5 b4 17. Bxg7 Kxg7 18. Rfd1
Bd7 $13 (18... Nxe4 19. Bxe4 Rxe4 20. Qc2 $16)) 15. Nxc4 Bb7 16. Nd5 $1 $16
Nce5 (16... Bxb2 17. Qxb2 Nce5 18. Nce3 Bxd5 19. exd5 $16) 17. Na5 Nf6 (17...
Bxd5 18. exd5 $16) (17... Ba8 18. Rac1 Nc5 (18... Rc8 19. f4 $16) 19. f4 Ned3
20. Bxg7 Kxg7 21. b4 $16) 18. f4 $2 (18. Rac1 Nxd5 (18... c5 $2 19. Nxb7 Rxb7
20. Bxe5 Rxe5 (20... dxe5 21. Rxc5 $16) 21. Nxf6+ Bxf6 22. f4 $18) 19. exd5 $16
) (18. Nxb7 $5 Rxb7 19. Ne3 $16) 18... Nxd5 $8 19. fxe5 $2 (19. exd5 Ng4 20.
Bxg7 Kxg7 21. Rae1 $14 {><c7}) 19... Nb6 20. Qf2 Qd7 21. Nxb7 Rxb7 22. Bh3 (22.
exd6 Bxb2 23. Qxb2 Qxd6 (23... cxd6 24. Qd4 $14) 24. Qf2 $14) 22... Qe7 23.
exd6 cxd6 24. Bxg7 Kxg7 25. Rad1 $14 Rbb8 (25... Qe5 26. Rd4 $14) 26. Rd3 Kg8
27. Qd4 $6 (27. Rf3 $142 Rf8 28. Rf6 (28. Qd4 Qe5 29. Rd1 $14) 28... Nd7 $14)
27... Qxe4 $11 28. Qxe4 Rxe4 29. Rxd6 a5 30. Rff6 Rb4 $8 31. Rf3 a4 (31... Re4
$11) 32. Rdf6 axb3 33. axb3 Rb7 $2 $138 (33... Nd5 $2 34. Rxf7 Rxb3 35. Rxb3
Rxb3 36. Be6 $18) (33... g5 $142 $1 34. R3f5 (34. R6f5 h6 $11) (34. Rxf7 $4 g4)
34... Rxb3 35. Rxg5+ Kf8 36. Rh6 Rb1+ 37. Bf1 Nc4 38. Rxh7 Ne3 39. Kf2 Rxf1+
40. Kxe3 Rb3+ $11) 34. Rxf7 Rxf7 35. Be6 Kh8 $5 (35... Re4 36. Bxf7+ Kg7 37.
Kf2 $16) 36. Rxf7 (36. Bxf7 $142 $16) 36... Re4 37. Re7 $6 (37. Bh3 Rb4 38. Rf3
$16) 37... h5 (37... Re5 38. Kf2 h6 39. Kf3 Re1 40. Kf2 Re5 41. h3 Re4 (41...
h5 $2 42. Kf3 Re1 (42... g5 43. h4 gxh4 44. Kf4 $1 $16) 43. h4 $16) 42. Re8+
Kg7 43. Bf7 Rb4 (43... Rd4 44. Bxg6 Kxg6 45. Re6+ $18) 44. Bg8 $14) 38. Kf2 Re5
(38... h4 $2 39. gxh4 Rxh4 40. Rb7 Rb4 41. Bc4 $18) (38... g5 39. Rh7+ Kxh7 40.
Bf5+ $16) 39. h3 $4 (39. Kf3 $142 Re1 (39... g5 40. h4 gxh4 41. Kf4 $1 $16) 40.
h4 Re5 41. Kf4 Rb5 42. Bc4 $16) 39... Nd5 $4 (39... g5 $3 {(.)} 40. Kf3 Re1 41.
g4 h4 $11) 40. Re8+ Kg7 41. Bd7 Rxe8 42. Bxe8 $16 h4 $5 (42... Kf6 43. Kf3 Nc7
44. Bc6 $16) 43. gxh4 Kh6 44. Bc6 Nb4 45. Bf3 g5 46. hxg5+ Kxg5 47. Ke3 Nc2+
48. Kd3 Ne1+ 49. Ke4 Nc2 50. Bd1 Nb4 51. Kd4 Kh4 52. Bg4 (52. Bg4 Nc6+ (52...
Nc2+ 53. Kc3 Ne3 54. Be6) 53. Kd5 Nb4+ 54. Kc5 Nd3+ 55. Kd4 Nb4 56. Bd7 Nc2+
57. Kc3 Ne3 58. Be6 $18) 1-0

[Event "Groningen PCA"]
[Site "Groningen"]
[Date "1993.??.??"]
[Round "9"]
[White "Serper, Grigory"]
[Black "Kortschnoj, Viktor Lvovich"]
[Result "0-1"]
[WhiteElo "2575"]
[BlackElo "2625"]
[Annotator "Kortschnoj,V"]
[PlyCount "68"]
[EventDate "1993.12.??"]
[EventType "swiss"]
[EventRounds "11"]
[EventCountry "NED"]
[SourceTitle "CBM 039"]
[Source "ChessBase"]
[SourceDate "1994.04.01"]
[SourceVersion "1"]
[SourceVersionDate "1994.04.01"]
[SourceQuality "1"]

1. c4 {Ribli Stohl} Nf6 2. Nc3 e5 3. Nf3 Nc6 4. g3 d5 5. cxd5 Nxd5 6. Bg2 Nb6
7. O-O Be7 8. Rb1 (8. a3 {Stohl}) 8... g5 $5 (8... O-O {Stohl} 9. b4 $1 a6 10.
a4 Bf5 (10... Nxb4 11. Nxe5 a5 $5 $132 {Georgiev,Kir-Morozevic,A/Tilburg/1993/}
) 11. b5 axb5 12. axb5 $142 (12. Rxb5 $6 $13 {Serper,G-Kamsky,G/Dortmund/1993/}
) 12... Nd4 (12... Bxb1 $2 13. bxc6 $16) 13. d3 Bg4 $1 14. Re1 (14. Nxe5 $2 Na4
$1 $19) 14... Nxf3+ 15. exf3 Bf5 $132 {Hodgson,J-Romanishin,O/Groningen PCA/
1993/}) (8... f6 {Stohl} 9. b4 $5 (9. d3 Be6 10. a3 O-O {-8.a3} 11. b4 Nd4 12.
Ne1 $5 $146 Nd5 13. Bb2 Nxc3 14. Bxc3 c6 15. a4 Qd7 16. e3 $1 Nf5 17. Nf3 Rfd8
18. d4 exd4 19. Nxd4 Nxd4 20. Bxd4 Bd5 21. Qc2 $14 {Korchnoi,V-Stohl,I/Tilburg/
1993/}) 9... Nxb4 10. d4 Nc6 $6 (10... exd4 $142 11. Nxd4 c5 $13) 11. dxe5 fxe5
12. Qb3 Bf5 13. Rd1 Qc8 14. Ng5 $1 Bxg5 15. Bxg5 Nd4 16. Qa3 $40 {Hodgson,
J-Polgar,Zsu/Groningen/1993/}) 9. d3 (9. d4 exd4 10. Nb5 Bf5 11. Ra1 d3 (11...
Bf6) 12. exd3 a6 13. Nc3 g4 14. Nh4 $1 $13) 9... h5 {!? Ribli} (9... f5 $5) (
9... g4 {Stohl} 10. Ne1 h5 11. Nc2 h4 12. b4 hxg3 13. fxg3 Nxb4 $2 14. Nxb4
Qd4+ 15. e3 Qxc3 16. Nd5 Nxd5 17. Bxd5 $36 {Hodgson,J-Bareev,E/Belgrade/1993/})
10. a3 (10. e3 $142 $5 {Stohl} g4 (10... h4 11. d4) 11. Ne1 h4 12. Nc2 $13 {<=>
}) 10... h4 11. b4 hxg3 12. hxg3 {?! Stohl} (12. fxg3 {Stohl} a6 $5 $36 {/\Bh3}
(12... g4 13. Ne1 Qd4+ $2 14. e3 Qxc3 15. Bb2 $18)) 12... a6 (12... Qd6 $5 13.
Nb5 Qh6 14. Nxc7+ Kf8 15. Nxa8 Nxa8 $146) 13. b5 $6 (13. Ne4 g4 14. Nfd2 f5 15.
Nc5 Qd6 $13) (13. Be3 $5 {Ribli}) 13... Nd4 14. Nxd4 $2 (14. Nxe5 Qd6 15. f4 (
15. Nf3 {Ribli} Qh6 $36) 15... gxf4 16. Nxf7 $1 Kxf7 17. Bxf4 Qc5 18. e3 Nf5
19. Ne4 Qxa3 20. g4 $16) 14... exd4 15. bxa6 {?! Stohl} (15. Ne4 {Stohl} f5 16.
Nd2 axb5 $17 (16... Qd6 $6 17. Nf3 g4 18. Nxd4 $1 $16)) 15... Rxa6 16. Nb5 Na4
$1 (16... c6 $2 {Stohl} 17. Nxd4 {/\Bb2}) 17. e3 c6 18. Nxd4 Nc3 19. Qc2 Nxb1
20. Qxb1 Qd6 (20... O-O 21. Qb3 Qb6 $15) 21. Qb3 $2 (21. Re1 Qh6 22. Nf3 Bxa3
23. Bxa3 Rxa3 24. Nxg5 $1 Qxg5 $140 25. Qb2) 21... Qh6 22. Re1 c5 23. Nf3 (23.
Nb5 Qh2+ 24. Kf1 Rf6 25. Nc7+ Kf8 26. Nd5 Bh3 $19) 23... Bh3 24. Qxb7 (24. Ne5
{Ribli} Bxg2 25. Qxf7+ Kd8 26. Kxg2 Qh3+ 27. Kf3 Rf6+ $19) 24... Bxg2 25. Qc8+
(25. Kxg2 $2 {Stohl} Qh3+ 26. Kg1 Qh1#) 25... Bd8 26. Kxg2 Re6 $1 $19 27. Ng1 (
27. Kf1 Qh3+ 28. Ke2 Rxe3+ $19) 27... Qh1+ (27... Qh2+ $1 28. Kf1 Rf6) 28. Kf1
Rf6 29. e4 (29. Re2 {Stohl} Rh2 $19) 29... Rh2 30. Ke2 (30. Be3 {Stohl} Rfxf2+
$1 (30... Rg2 $19 {Ribli}) 31. Bxf2 Qg2+ 32. Ke2 Qxf2+ 33. Kd1 Qd2#) 30...
Rhxf2+ 31. Kd1 Rd6 32. Be3 Rxd3+ 33. Kc1 Rc3+ (33... Rxe3 $2 34. Qc6+ Kf8 35.
Qxc5+) 34. Kd1 Qh6 (34... Qh6 35. Bxf2 (35. Qb8 Rd3+ 36. Kc1 Qa6 37. Bxf2 Qc4+)
35... Qd6+ 36. Ke2 Qd3#) 0-1

[Event "Horgen"]
[Site "Horgen"]
[Date "1995.10.21"]
[Round "1"]
[White "Gulko, Boris F"]
[Black "Kortschnoj, Viktor Lvovich"]
[Result "1-0"]
[WhiteElo "2620"]
[BlackElo "2635"]
[Annotator "Kortschnoj,V"]
[PlyCount "61"]
[EventDate "1995.10.??"]
[EventType "tourn"]
[EventRounds "11"]
[EventCountry "SUI"]
[EventCategory "17"]
[SourceTitle "CBM 050"]
[Source "ChessBase"]
[SourceDate "1996.02.01"]
[SourceVersion "1"]
[SourceVersionDate "1996.02.01"]
[SourceQuality "1"]

1. c4 {Gulko Ribli} Nf6 2. Nc3 e5 3. Nf3 Nc6 4. g3 Bb4 5. Bg2 O-O 6. O-O Re8 7.
d3 Bxc3 8. bxc3 e4 9. Nd4 (9. Ng5 $5 {Ribli} exd3 10. exd3 b6 11. Bd5 Nxd5 12.
cxd5 h6 13. Nxf7 $36 {Christiansen,L-Kaidanov,G/USA-ch/1994/CBM44/INF62,35/})
9... d6 {Eine Neuerung} (9... Ne5 10. c5 (10. Bg5 $5 $14 {Serper}) 10... exd3
11. exd3 Rb8 $13 {Serper,G-Lobron,E/Moscow ol/1994/CBM45/INF63,29/}) (9... exd3
10. exd3 Nxd4 (10... h6 {Gulko} 11. Be3 Nxd4 12. cxd4 d6 $16 {
Pfleger-Kortschnoj/Hastings/1971/}) 11. cxd4 d5 {Gulko-Huebner (San Francisco
1995)} 12. Bg5 c6 $14 {Gulko,B-Huebner,R/San Francisco/1995/CBM46/INF63,30/})
10. Bg5 (10. Rb1 $5) (10. Nxc6 bxc6 11. Bg5 Bf5 $13) 10... exd3 11. exd3 (11.
Nxc6 dxe2 (11... bxc6 12. exd3 $14) 12. Qxe2 (12. Nxd8 {Ribli} exd1=Q 13. Rfxd1
Rxd8 14. c5 Rb8 $13) 12... bxc6 13. Bxf6 gxf6 14. Qd3 Bd7 15. Be4 $44) 11...
Nxd4 12. cxd4 h6 13. Be3 Bg4 (13... Rb8 14. Qa4 (14. h3 {Gulko} Bf5) 14... a6
$13) 14. Qb3 (14. Qa4 $5 Bd7 15. Qa3 $14) 14... Rb8 $10 15. h3 Bf5 16. Rae1 (
16. a4 $5 {Ribli Weiss koennte mit dieser Zug das schwarze Gegenspiel am
Damenfluegel sehr stark beschraenken. Oder will Weiss absichtlich seinen
Gegner aktiv aufspielen lassen, um ihn zu Fehlern zu provozieren?}) (16. g4 {
Gulko} Bxg4 $1 17. hxg4 Nxg4 $40) 16... b5 $5 {Ein zweischneidiger Versuch,
die Stellung zu verschaerfen.} (16... Qc8 $5) (16... Qd7 {Ribli} 17. g4 Bg6 18.
g5 hxg5 19. Bxg5 $14) 17. cxb5 Bd7 $2 (17... a6 18. d5 {Ribli} (18. a4 axb5 19.
a5 Qc8 (19... Bd7 {Wie die Partie}) 20. Kh2 Qa6 21. Ra1 b4 22. Rfd1 Rec8 $13)
18... Rxb5 19. Qc4 Nd7 $13) 18. a4 a6 19. d5 {Weiss oeffnet die e3-a7
Diagonale fuer seinen Laeufer.} axb5 20. a5 Qc8 21. Kh2 Qa6 (21... Re5 {Ribli}
22. Bd4 $1 Rh5 23. h4 $16 {Der h5-Turm steht sehr komisch.} (23. h4 {Gulko}
Ng4+ 24. Kg1 Ne5 25. f4 $1 Ng6 26. Qd1 Bg4 27. Re8+ $1 Qxe8 28. Qxg4 $18)) 22.
Ra1 b4 23. Rfc1 Rec8 24. Rc4 (24. Bf1 {Gulko} Qa8 $1 25. a6 (25. Bg2 Qa6 $10)
25... Nxd5 $1 26. a7 Nxe3 $1 (26... Rb5 $2 27. Bg2 Be6 28. Qa4 c6 29. Qxb5 cxb5
30. Rxc8+ Bxc8 31. Bxd5 $18) 27. axb8=Q Nxf1+ 28. Rxf1 Qxb8 $15) 24... c5 $2 {
Ribli: In einer etwas unbequemen Stellung verliert Schwarz die Geduld und
srtebt eine gewaltsame Loesung an, bei der er eine Qualitaet (vorlaeufig)
gewinnt, aber die Partie verliert.} (24... Rb5 25. Rxb4 Rxa5 $14 (25... Rxa5 {
Ribli} 26. Rxa5 Qxa5 27. Rb7 $14)) 25. dxc6 {Ribli: Natuerlich, sonst steht
der Nachziehende besser.} Be6 {[#]} 26. Bb6 $1 $16 {Eine sehr unangenehme
Ueberraschung.} Bxc4 (26... Nd5 {Gulko} 27. Rxb4 Nxb4 (27... Nf4 28. Qc3 Nxg2
29. c7 $1) 28. Qxb4 Qxd3 29. a6 $16) 27. dxc4 Rxb6 {Schwarz gibt die Qualitaet
zurueck, aber er wird keine Ruhe erhalten.} 28. axb6 Qxb6 (28... Qxa1 {Ribli}
29. b7 $1 Rf8 30. c7 $18) 29. Qe3 $1 $18 Qxe3 (29... Qb8 {Ribli} 30. Ra7 $18) (
29... Qc5 {Gulko} 30. Qxc5 dxc5 31. Ra5 $18) 30. fxe3 Rb8 $2 (30... Kf8 31. Ra4
Ng8 (31... Rb8 {Gulko} 32. c7 Rc8 33. Ra8) 32. Rxb4 Ne7 33. Rb6 Nf5 34. Bd5
Nxe3 35. Rb7 $18) (30... Ne8 {Ribli} 31. Ra7 Nc7 32. Rb7 $18) (30... b3 {Ribli}
31. Ra7 $18 (31. Rb1 {Gulko} Rb8 32. Rxb3 $1)) 31. c7 (31. c7 Rc8 32. Ra8 $18)
1-0